[Event "EYCC 2024 - O18"]
[Site "?"]
[Date "2024.08.29"]
[Round "7.3"]
[White "Sokolovsky, Yahli"]
[Black "Slagboom, Leandro"]
[Result "1-0"]
[BlackElo "2331"]
[WhiteElo "2522"]
[LiveChessVersion "1.4.8"]

1. e4 {[%clk 1:30:55]} e6 {[%clk 1:30:49]} 2. d4 {[%clk 1:31:18]} d5
{[%clk 1:31:15]} 3. Nc3 {[%clk 1:31:42]} Nf6 {[%clk 1:31:38]} 4. Bg5
{[%clk 1:32:07]} Be7 {[%clk 1:30:51]} 5. e5 {[%clk 1:32:31]} Nfd7
{[%clk 1:31:16]} 6. h4 {[%clk 1:32:57]} Bxg5 {[%clk 1:31:41]} 7. hxg5
{[%clk 1:33:21]} Qxg5 {[%clk 1:32:05]} 8. Nh3 {[%clk 1:33:44]} Qh4
{[%clk 1:32:28]} 9. g3 {[%clk 1:34:02]} Qe7 {[%clk 1:32:34]} 10. Qg4
{[%clk 1:34:06]} g6 {[%clk 1:32:16]} 11. Ng5 {[%clk 1:32:26]} h6 {[%clk 1:32:30]}
12. O-O-O {[%clk 1:28:21]} Nc6 {[%clk 1:32:15]} 13. f4 {[%clk 1:24:34]} Nb6
{[%clk 1:24:36]} 14. Rh4 {[%clk 1:13:22]} Bd7 {[%clk 1:22:16]} 15. Qh3
{[%clk 1:13:44]} Qf8 {[%clk 1:18:47]} 16. Bb5 {[%clk 1:09:09]} Ne7
{[%clk 1:12:58]} 17. g4 {[%clk 1:08:04]} O-O-O {[%clk 0:46:59]} 18. Rh1
{[%clk 1:06:10]} Bxb5 {[%clk 0:42:32]} 19. Nxb5 {[%clk 1:06:38]} a6
{[%clk 0:40:30]} 20. Nc3 {[%clk 1:07:00]} h5 {[%clk 0:39:00]} 21. Qh2
{[%clk 1:02:01]} Nc4 {[%clk 0:36:51]} 22. Nd1 {[%clk 0:50:35]} Rh6
{[%clk 0:31:38]} 23. b3 {[%clk 0:39:47]} Na3 {[%clk 0:28:47]} 24. Qd2
{[%clk 0:36:20]} Nb5 {[%clk 0:23:23]} 25. a4 {[%clk 0:24:51]} Na7
{[%clk 0:23:19]} 26. f5 {[%clk 0:21:53]} exf5 {[%clk 0:20:38]} 27. gxh5
{[%clk 0:19:12]} Rxh5 {[%clk 0:19:53]} 28. Rxh5 {[%clk 0:19:37]} gxh5
{[%clk 0:20:18]} 29. Rxh5 {[%clk 0:17:35]} Qg8 {[%clk 0:15:58]} 30. Rh6
{[%clk 0:08:30]} Nac6 {[%clk 0:13:05]} 31. c3 {[%clk 0:08:50]} Re8
{[%clk 0:09:30]} 32. Nh7 {[%clk 0:03:50]} Qg7 {[%clk 0:08:37]} 33. Qg5
{[%clk 0:01:32]} Rg8 {[%clk 0:07:13]} 34. Qxg7 {[%clk 0:01:58]} Rxg7
{[%clk 0:07:39]} 35. Nf6 {[%clk 0:02:26]} b6 {[%clk 0:03:13]} 36. Ne3
{[%clk 0:01:44]} Kb7 {[%clk 0:01:19]} 37. Nfxd5 {[%clk 0:01:22]} Nxd5
{[%clk 0:00:36]} 38. Nxd5 {[%clk 0:01:51]} Nd8 {[%clk 0:00:38]} 39. Rf6
{[%clk 0:02:02]} Rg5 {[%clk 0:00:36]} 40. Ne7 {[%clk 0:02:17]} Rg3
{[%clk 0:00:32]} 41. Kc2 {[%clk 0:02:29]} Rg2+ {[%clk 0:00:50]} 42. Kd3
{[%clk 0:01:49]} b5 {[%clk 0:00:40]} 43. axb5 {[%clk 0:02:01]} axb5
{[%clk 0:01:09]} 44. Nxf5 {[%clk 0:02:17]} Rg1 {[%clk 0:00:34]} 45. b4
{[%clk 0:01:04]} Kc8 {[%clk 0:00:53]} 46. Nh6 {[%clk 0:01:24]} Rg7
{[%clk 0:01:03]} 47. d5 {[%clk 0:01:20]} Kd7 {[%clk 0:00:34]} 48. Nxf7
{[%clk 0:01:12]} 1-0

[Event "EYCC 2024 - O18"]
[Site "?"]
[Date "2024.08.29"]
[Round "7.5"]
[White "Rozen, Eytan"]
[Black "Piliposyan, Robert"]
[Result "1/2-1/2"]
[BlackElo "2376"]
[WhiteElo "2478"]
[LiveChessVersion "1.4.8"]

1. c4 {[%clk 1:30:56]} e6 {[%clk 1:30:38]} 2. g3 {[%clk 1:30:32]} d5
{[%clk 1:30:57]} 3. Bg2 {[%clk 1:30:52]} Nf6 {[%clk 1:29:22]} 4. Nf3
{[%clk 1:31:07]} Be7 {[%clk 1:28:39]} 5. O-O {[%clk 1:30:38]} O-O
{[%clk 1:28:39]} 6. d4 {[%clk 1:29:21]} dxc4 {[%clk 1:27:55]} 7. Qc2
{[%clk 1:29:17]} b5 {[%clk 1:28:16]} 8. a4 {[%clk 1:29:42]} Bb7 {[%clk 1:28:43]}
9. axb5 {[%clk 1:30:04]} a6 {[%clk 1:29:08]} 10. bxa6 {[%clk 1:30:14]} Nxa6
{[%clk 1:29:32]} 11. Qxc4 {[%clk 1:29:59]} Bd5 {[%clk 1:29:51]} 12. Qd3
{[%clk 1:24:11]} Nb4 {[%clk 1:27:27]} 13. Rxa8 {[%clk 1:24:36]} Qxa8
{[%clk 1:27:52]} 14. Qd1 {[%clk 1:23:32]} Na2 {[%clk 1:15:25]} 15. Nc3
{[%clk 1:18:07]} Nxc3 {[%clk 1:03:41]} 16. bxc3 {[%clk 1:18:35]} h6
{[%clk 1:02:45]} 17. Bf4 {[%clk 1:15:04]} c5 {[%clk 1:02:10]} 18. Qa1
{[%clk 1:10:30]} cxd4 {[%clk 0:52:55]} 19. cxd4 {[%clk 1:09:57]} Ne4
{[%clk 0:35:33]} 20. Qb2 {[%clk 1:03:51]} Ba3 {[%clk 0:31:20]} 21. Qb5
{[%clk 1:00:05]} g5 {[%clk 0:24:54]} 22. Bc7 {[%clk 0:40:56]} Nc3
{[%clk 0:15:36]} 23. Qd3 {[%clk 0:41:18]} Bb4 {[%clk 0:15:47]} 24. Ne1
{[%clk 0:35:56]} Rc8 {[%clk 0:12:51]} 25. Bxd5 {[%clk 0:35:13]} Nxd5
{[%clk 0:13:16]} 26. Be5 {[%clk 0:35:29]} Rc1 {[%clk 0:10:26]} 27. Nf3
{[%clk 0:29:38]} Rxf1+ {[%clk 0:09:41]} 28. Kxf1 {[%clk 0:30:07]} g4
{[%clk 0:09:58]} 29. Ng1 {[%clk 0:29:14]} Qc6 {[%clk 0:07:48]} 30. h3
{[%clk 0:26:33]} h5 {[%clk 0:05:55]} 31. hxg4 {[%clk 0:26:49]} hxg4
{[%clk 0:06:21]} 32. e4 {[%clk 0:25:28]} Nc3 {[%clk 0:03:06]} 33. d5
{[%clk 0:24:40]} exd5 {[%clk 0:01:53]} 34. Bxc3 {[%clk 0:24:50]} Qxc3
{[%clk 0:02:19]} 35. Qxd5 {[%clk 0:24:24]} Qf6 {[%clk 0:02:00]} 36. Qd7
{[%clk 0:19:54]} Qe6 {[%clk 0:01:42]} 37. Qd4 {[%clk 0:14:26]} Qd6
{[%clk 0:01:52]} 38. Qc4 {[%clk 0:14:07]} Qc5 {[%clk 0:01:55]} 39. Qd3
{[%clk 0:13:20]} Qd6 {[%clk 0:02:14]} 40. Qe3 {[%clk 0:11:46]} Qd2
{[%clk 0:01:30]} 41. Qxd2 {[%clk 0:11:07]} Bxd2 {[%clk 0:01:58]} 42. Ne2
{[%clk 0:11:07]} Kg7 {[%clk 0:02:10]} 43. Nd4 {[%clk 0:11:30]} Kf6
{[%clk 0:02:11]} 44. Ke2 {[%clk 0:11:53]} Bc1 {[%clk 0:01:40]} 45. Nf5
{[%clk 0:09:38]} Kg5 {[%clk 0:01:49]} 46. Nd6 {[%clk 0:09:04]} Kf6
{[%clk 0:01:39]} 47. Nc4 {[%clk 0:09:12]} Bh6 {[%clk 0:01:35]} 48. Kd3
{[%clk 0:08:44]} Bf8 {[%clk 0:01:51]} 49. Kd4 {[%clk 0:09:02]} Kg5
{[%clk 0:01:37]} 50. Kd5 {[%clk 0:06:18]} Bb4 {[%clk 0:01:09]} 51. Ne5
{[%clk 0:06:42]} f6 {[%clk 0:01:15]} 52. Nd3 {[%clk 0:07:06]} Bc3
{[%clk 0:01:30]} 53. Kc4 {[%clk 0:05:28]} Ba5 {[%clk 0:01:52]} 54. Kd4
{[%clk 0:05:38]} Bb6+ {[%clk 0:01:56]} 55. Kd5 {[%clk 0:05:59]} Ba7
{[%clk 0:02:06]} 56. Nc5 {[%clk 0:04:45]} Kg6 {[%clk 0:01:55]} 57. Kd6
{[%clk 0:04:31]} Bb6 {[%clk 0:02:00]} 58. Nd3 {[%clk 0:04:40]} Kg5
{[%clk 0:02:10]} 59. Ke6 {[%clk 0:04:23]} Ba7 {[%clk 0:02:10]} 60. Kf7
{[%clk 0:04:28]} Bd4 {[%clk 0:02:31]} 61. Kf8 {[%clk 0:04:23]} Ba7
{[%clk 0:02:22]} 62. Kg7 {[%clk 0:04:12]} Bd4 {[%clk 0:02:18]} 63. Kf7
{[%clk 0:03:40]} Ba7 {[%clk 0:02:36]} 64. Ke6 {[%clk 0:03:57]} Bd4
{[%clk 0:02:43]} 65. Kd5 {[%clk 0:04:23]} Ba7 {[%clk 0:03:01]} 66. Kc4
{[%clk 0:04:51]} Bb6 {[%clk 0:03:09]} 67. Kc3 {[%clk 0:05:06]} Ba7
{[%clk 0:03:17]} 68. Kd2 {[%clk 0:05:06]} Bd4 {[%clk 0:03:22]} 69. Ke2
{[%clk 0:05:31]} Bb6 {[%clk 0:03:30]} 70. Nf4 {[%clk 0:05:39]} Ba7
{[%clk 0:03:32]} 71. Nd5 {[%clk 0:05:49]} Bd4 {[%clk 0:03:31]} 72. Nf4
{[%clk 0:05:43]} Bb6 {[%clk 0:03:32]} 73. Ne6+ {[%clk 0:05:20]} Kg6
{[%clk 0:03:17]} 74. f4 {[%clk 0:05:39]} gxf3+ {[%clk 0:03:42]} 75. Kxf3
{[%clk 0:06:03]} Ba7 {[%clk 0:03:13]} 76. Kg4 {[%clk 0:06:11]} Bf2
{[%clk 0:03:07]} 77. Nf4+ {[%clk 0:06:33]} Kf7 {[%clk 0:03:25]} 78. Nd3
{[%clk 0:07:00]} Bd4 {[%clk 0:03:30]} 79. Kf5 {[%clk 0:07:28]} Bc3
{[%clk 0:03:35]} 80. Nc5 {[%clk 0:07:33]} Be5 {[%clk 0:03:50]} 81. g4
{[%clk 0:07:57]} Bd4 {[%clk 0:04:02]} 82. Nb7 {[%clk 0:08:12]} Ba1
{[%clk 0:03:50]} 83. Na5 {[%clk 0:07:39]} Bc3 {[%clk 0:04:08]} 84. Nc6
{[%clk 0:07:59]} Bb2 {[%clk 0:04:20]} 85. Nb4 {[%clk 0:08:05]} Bc3
{[%clk 0:04:39]} 86. Nd3 {[%clk 0:08:20]} Bd4 {[%clk 0:04:59]} 87. Ne1
{[%clk 0:07:45]} Bc3 {[%clk 0:05:13]} 88. Nf3 {[%clk 0:08:13]} Ba1
{[%clk 0:05:27]} 89. Kf4 {[%clk 0:08:27]} Bb2 {[%clk 0:05:44]} 90. Ke3
{[%clk 0:08:55]} Ke6 {[%clk 0:05:33]} 91. Kd3 {[%clk 0:09:23]} Kf7
{[%clk 0:05:29]} 92. Kc2 {[%clk 0:09:42]} Ba3 {[%clk 0:05:45]} 93. Kb3
{[%clk 0:10:11]} Bc1 {[%clk 0:06:07]} 94. Kc4 {[%clk 0:10:28]} Ke6
{[%clk 0:06:17]} 95. Kc5 {[%clk 0:10:52]} Ba3+ {[%clk 0:06:21]} 96. Kc6
{[%clk 0:11:20]} Bb2 {[%clk 0:06:32]} 97. Kc7 {[%clk 0:11:42]} Ke7
{[%clk 0:06:47]} 98. Kc8 {[%clk 0:12:06]} Bc3 {[%clk 0:07:10]} 99. Nh4
{[%clk 0:12:14]} Ke6 {[%clk 0:07:16]} 100. Ng6 {[%clk 0:12:31]} Ba5
{[%clk 0:07:29]} 101. Kb7 {[%clk 0:12:48]} Bd2 {[%clk 0:07:37]} 102. Kc6
{[%clk 0:13:11]} Bg5 {[%clk 0:07:41]} 103. Nf8+ {[%clk 0:12:55]} Ke5
{[%clk 0:08:08]} 104. Kd7 {[%clk 0:12:56]} Kxe4 {[%clk 0:08:25]} 105. Ke6
{[%clk 0:13:21]} Kf4 {[%clk 0:08:52]} 106. Nd7 {[%clk 0:13:45]} Kxg4
{[%clk 0:09:19]} 107. Nxf6+ {[%clk 0:14:05]} Bxf6 {[%clk 0:09:16]} 1/2-1/2

[Event "EYCC 2024 - O18"]
[Site "?"]
[Date "2024.08.29"]
[Round "7.6"]
[White "Garcia Fernandez, Victor"]
[Black "Razafindratsima, Timothe"]
[Result "0-1"]
[BlackElo "2457"]
[WhiteElo "2313"]
[LiveChessVersion "1.4.8"]

1. d4 {[%clk 1:30:56]} Nf6 {[%clk 1:30:48]} 2. c4 {[%clk 1:31:21]} e6
{[%clk 1:31:09]} 3. Nc3 {[%clk 1:31:34]} Bb4 {[%clk 1:31:22]} 4. g3
{[%clk 1:31:25]} d5 {[%clk 1:30:48]} 5. Bg2 {[%clk 1:31:46]} O-O {[%clk 1:31:06]}
6. Nf3 {[%clk 1:32:06]} dxc4 {[%clk 1:31:12]} 7. O-O {[%clk 1:32:27]} Nc6
{[%clk 1:31:18]} 8. Re1 {[%clk 1:32:40]} Rb8 {[%clk 1:31:16]} 9. a3
{[%clk 1:33:01]} Ba5 {[%clk 1:31:08]} 10. Bg5 {[%clk 1:32:50]} h6
{[%clk 1:25:37]} 11. Bh4 {[%clk 1:32:45]} e5 {[%clk 1:06:49]} 12. Nxe5
{[%clk 1:13:22]} Nxe5 {[%clk 1:02:44]} 13. dxe5 {[%clk 1:13:13]} Qxd1
{[%clk 1:02:33]} 14. Rexd1 {[%clk 1:01:53]} Ng4 {[%clk 1:03:01]} 15. Be7
{[%clk 0:46:24]} Re8 {[%clk 1:03:24]} 16. Bc5 {[%clk 0:46:46]} Bxc3
{[%clk 0:38:12]} 17. bxc3 {[%clk 0:47:00]} Nxe5 {[%clk 0:37:30]} 18. Bxa7
{[%clk 0:46:50]} Ra8 {[%clk 0:37:59]} 19. Bd4 {[%clk 0:43:04]} Ra5
{[%clk 0:35:58]} 20. Bxe5 {[%clk 0:29:44]} Raxe5 {[%clk 0:36:21]} 21. e3
{[%clk 0:30:10]} Rb5 {[%clk 0:33:25]} 22. Bd5 {[%clk 0:27:42]} Rc5
{[%clk 0:24:07]} 23. Rd4 {[%clk 0:26:46]} c6 {[%clk 0:24:33]} 24. Bxc4
{[%clk 0:18:39]} b5 {[%clk 0:25:00]} 25. Be2 {[%clk 0:19:04]} Rxc3
{[%clk 0:25:27]} 26. Rdd1 {[%clk 0:16:47]} Bh3 {[%clk 0:20:21]} 27. Rdc1
{[%clk 0:14:04]} Rxc1+ {[%clk 0:20:50]} 28. Rxc1 {[%clk 0:14:27]} Ra8
{[%clk 0:21:18]} 29. Rxc6 {[%clk 0:11:21]} b4 {[%clk 0:19:53]} 30. Bf1
{[%clk 0:11:00]} Bxf1 {[%clk 0:13:15]} 31. Kxf1 {[%clk 0:10:25]} bxa3
{[%clk 0:13:42]} 32. Rc1 {[%clk 0:10:44]} a2 {[%clk 0:13:41]} 33. Ra1
{[%clk 0:11:12]} f5 {[%clk 0:14:05]} 34. Ke2 {[%clk 0:09:59]} Kf7
{[%clk 0:14:31]} 35. Kd2 {[%clk 0:07:39]} Ke6 {[%clk 0:10:39]} 36. h4
{[%clk 0:03:21]} g5 {[%clk 0:09:45]} 37. hxg5 {[%clk 0:02:57]} hxg5
{[%clk 0:10:14]} 38. Kd3 {[%clk 0:01:22]} Kd5 {[%clk 0:08:03]} 39. f3
{[%clk 0:00:51]} g4 {[%clk 0:04:38]} 40. Ke2 {[%clk 0:00:48]} gxf3+
{[%clk 0:03:50]} 41. Kxf3 {[%clk 0:01:17]} Ke5 {[%clk 0:03:59]} 42. Kf2
{[%clk 0:01:22]} Ke4 {[%clk 0:04:14]} 43. Ke2 {[%clk 0:01:34]} Ra7
{[%clk 0:03:47]} 44. Kf2 {[%clk 0:01:50]} Ra3 {[%clk 0:03:56]} 45. Kg2
{[%clk 0:01:21]} Kxe3 {[%clk 0:04:07]} 46. Kh3 {[%clk 0:01:22]} Ra4
{[%clk 0:04:03]} 47. Kg2 {[%clk 0:01:26]} Kd2 {[%clk 0:04:05]} 48. Kf3
{[%clk 0:01:13]} Kc2 {[%clk 0:04:28]} 0-1

[Event "EYCC 2024 - O18"]
[Site "?"]
[Date "2024.08.29"]
[Round "7.9"]
[White "Macias Pino, Diego"]
[Black "Xhembulla, Aleksander"]
[Result "1-0"]
[BlackElo "2201"]
[WhiteElo "2477"]
[LiveChessVersion "1.4.8"]

1. d4 {[%clk 1:30:58]} Nf6 {[%clk 1:30:51]} 2. c4 {[%clk 1:31:25]} e6
{[%clk 1:31:16]} 3. Nf3 {[%clk 1:31:53]} d5 {[%clk 1:31:40]} 4. g3
{[%clk 1:32:20]} Be7 {[%clk 1:32:05]} 5. Bg2 {[%clk 1:32:47]} O-O
{[%clk 1:32:27]} 6. O-O {[%clk 1:33:13]} dxc4 {[%clk 1:32:52]} 7. Qc2
{[%clk 1:33:40]} b5 {[%clk 1:33:03]} 8. a4 {[%clk 1:34:04]} b4 {[%clk 1:33:29]}
9. Nfd2 {[%clk 1:34:07]} Nd5 {[%clk 1:33:47]} 10. Nxc4 {[%clk 1:33:11]} c5
{[%clk 1:34:11]} 11. e4 {[%clk 1:21:06]} Nb6 {[%clk 1:34:27]} 12. Nxb6
{[%clk 1:20:57]} axb6 {[%clk 1:33:47]} 13. d5 {[%clk 1:21:16]} Bb7
{[%clk 1:03:12]} 14. Bf4 {[%clk 1:11:28]} exd5 {[%clk 1:00:59]} 15. exd5
{[%clk 1:11:43]} Bf6 {[%clk 1:01:20]} 16. Be3 {[%clk 1:05:40]} Re8
{[%clk 0:47:09]} 17. Rd1 {[%clk 1:04:08]} Nd7 {[%clk 0:45:10]} 18. Nd2
{[%clk 1:00:21]} Rc8 {[%clk 0:41:32]} 19. Ne4 {[%clk 0:57:39]} Be5
{[%clk 0:41:00]} 20. d6 {[%clk 0:54:24]} Bc6 {[%clk 0:35:53]} 21. Ng5
{[%clk 0:49:25]} g6 {[%clk 0:36:04]} 22. Bxc6 {[%clk 0:39:55]} Rxc6
{[%clk 0:36:29]} 23. Qc4 {[%clk 0:40:11]} Qf6 {[%clk 0:27:44]} 24. Rd2
{[%clk 0:38:15]} Rec8 {[%clk 0:19:45]} 25. h4 {[%clk 0:29:57]} h6
{[%clk 0:15:08]} 26. Ne4 {[%clk 0:29:54]} Qf3 {[%clk 0:14:57]} 27. Bxh6
{[%clk 0:28:11]} Bd4 {[%clk 0:14:56]} 28. Rxd4 {[%clk 0:27:06]} cxd4
{[%clk 0:15:21]} 29. Qxd4 {[%clk 0:27:14]} f6 {[%clk 0:14:04]} 30. Qd5+
{[%clk 0:27:33]} Kh8 {[%clk 0:14:04]} 31. Qf7 {[%clk 0:27:16]} Rg8
{[%clk 0:13:23]} 32. Ng5 {[%clk 0:27:36]} 1-0

[Event "EYCC 2024 - O18"]
[Site "?"]
[Date "2024.08.29"]
[Round "7.10"]
[White "Farokhi, Keyvan"]
[Black "Klimkowski, Jan"]
[Result "1-0"]
[BlackElo "2508"]
[WhiteElo "2307"]
[LiveChessVersion "1.4.8"]

1. e4 {[%clk 1:30:55]} e5 {[%clk 1:30:50]} 2. Nf3 {[%clk 1:31:18]} Nc6
{[%clk 1:31:13]} 3. Bc4 {[%clk 1:31:37]} Nf6 {[%clk 1:31:17]} 4. d3
{[%clk 1:32:01]} Bc5 {[%clk 1:31:35]} 5. c3 {[%clk 1:32:12]} O-O {[%clk 1:31:27]}
6. O-O {[%clk 1:32:31]} d5 {[%clk 1:31:00]} 7. exd5 {[%clk 1:32:53]} Nxd5
{[%clk 1:31:26]} 8. Re1 {[%clk 1:32:02]} Bg4 {[%clk 1:30:52]} 9. h3
{[%clk 1:29:29]} Bh5 {[%clk 1:30:54]} 10. a4 {[%clk 1:27:42]} a5 {[%clk 1:20:06]}
11. Nbd2 {[%clk 1:26:07]} Nb6 {[%clk 1:18:47]} 12. Bb5 {[%clk 1:20:47]} Bd6
{[%clk 1:17:37]} 13. Ne4 {[%clk 1:12:45]} Na7 {[%clk 1:10:04]} 14. Ng3
{[%clk 1:05:20]} Bg6 {[%clk 1:09:27]} 15. d4 {[%clk 0:56:14]} exd4
{[%clk 1:08:07]} 16. Nxd4 {[%clk 0:55:23]} Bxg3 {[%clk 0:53:43]} 17. fxg3
{[%clk 0:54:34]} c5 {[%clk 0:53:18]} 18. Nf3 {[%clk 0:52:32]} Nxb5
{[%clk 0:43:34]} 19. axb5 {[%clk 0:52:31]} Qxd1 {[%clk 0:33:18]} 20. Rxd1
{[%clk 0:52:52]} f6 {[%clk 0:25:44]} 21. Be3 {[%clk 0:47:42]} Rfc8
{[%clk 0:25:10]} 22. b4 {[%clk 0:43:22]} Nc4 {[%clk 0:20:58]} 23. Bxc5
{[%clk 0:43:03]} a4 {[%clk 0:20:43]} 24. b6 {[%clk 0:30:28]} a3 {[%clk 0:19:15]}
25. Rd7 {[%clk 0:28:51]} Rcb8 {[%clk 0:12:14]} 26. Nd2 {[%clk 0:15:39]} Nxd2
{[%clk 0:08:58]} 27. Rxd2 {[%clk 0:16:08]} Bf7 {[%clk 0:09:20]} 28. Rd4
{[%clk 0:15:00]} a2 {[%clk 0:06:18]} 29. c4 {[%clk 0:15:10]} Bg6 {[%clk 0:05:43]}
30. Bd6 {[%clk 0:14:16]} Rc8 {[%clk 0:04:31]} 31. c5 {[%clk 0:13:50]} Ra4
{[%clk 0:03:57]} 32. Bc7 {[%clk 0:08:56]} Be8 {[%clk 0:04:19]} 33. Rd6
{[%clk 0:09:09]} Bg6 {[%clk 0:02:40]} 34. c6 {[%clk 0:03:02]} Be4
{[%clk 0:03:06]} 35. b5 {[%clk 0:03:27]} Rca8 {[%clk 0:03:20]} 36. Rd2
{[%clk 0:02:44]} R4a5 {[%clk 0:01:52]} 37. Rb2 h5 {[%clk 0:01:38]} 38. Bd6
{[%clk 0:01:01]} Kh7 {[%clk 0:01:16]} 39. Kf2 {[%clk 0:00:53]} Kg6
{[%clk 0:01:11]} 40. Ke3 {[%clk 0:01:14]} Re8 {[%clk 0:01:14]} 41. Kf2
{[%clk 0:00:53]} Rea8 {[%clk 0:01:12]} 42. g4 {[%clk 0:00:59]} hxg4
{[%clk 0:01:39]} 43. hxg4 {[%clk 0:01:27]} Kg5 {[%clk 0:00:44]} 44. Rb4
{[%clk 0:01:41]} Bd5 {[%clk 0:00:48]} 45. Rd4 {[%clk 0:01:43]} 1-0